| 000 | 01182cam a22003135i 4500 | ||
|---|---|---|---|
| 001 | 18238646 | ||
| 003 | EG-ScBUE | ||
| 005 | 20230116144653.0 | ||
| 008 | 140723t2013 ohua f 001 0 eng d | ||
| 020 | _a9781440325236 | ||
| 020 | _a1440325235 | ||
| 040 |
_aTOH _beng _erda _cTOH _dYDXCP _dBTCTA _dCNSAP _dCLE _dORX _dBDX _dDLC _dDLC _dEG-ScBUE |
||
| 082 | 0 | 4 |
_222 _bKEM _a750 |
| 100 | 1 |
_aKemp, Linda, _d1956- _eauthor. _938348 |
|
| 245 | 1 | 0 |
_aSimplifying design and color for artists : _bpositive results using negative painting techniques / _cLinda Kemp. |
| 264 | 1 |
_aCincinnati, Ohio : _bNorth Light Books, _c[2013] |
|
| 264 | 4 | _cc2013 | |
| 300 |
_a144 pages : _bcolor illustrations ; _c29 cm |
||
| 336 |
_2rdacontent _atext _btxt |
||
| 337 |
_2rdamedia _aunmediated _bn |
||
| 338 |
_2rdacarrier _avolume _bnc |
||
| 500 | _aIncludes index. | ||
| 505 | 0 | _aSimple by design -- Simplifying color in your paintbox -- Simplifying color in your paintings -- Simplifying complex shapes -- Design & color challenges and how to resolve them. | |
| 650 | 7 |
_aPainting _xTechnique. _2BUEsh _937955 |
|
| 651 | _2BUEsh | ||
| 653 |
_bCOMAME _cJune2015 |
||
| 655 | _vReading book | ||
| 942 |
_2ddc _cBB |
||
| 999 |
_c19647 _d19619 |
||